| 000 | 02850cam a22003977i 4500 | ||
|---|---|---|---|
| 999 |
_c10587 _d10587 |
||
| 003 | OSt | ||
| 005 | 20220406161546.0 | ||
| 008 | 160405t20162016dcuab b 001 0 eng | ||
| 020 |
_a9781610917094 _q(paperback) |
||
| 020 | _a9781610917087 | ||
| 037 |
_bIsland Pr, C/O Chicago Distribution Center 11030 S Langley Ave, Chicago, IL, USA, 60628 _nSAN 202-5280 |
||
| 042 | _alccopycat | ||
| 043 | _an-us--- | ||
| 082 | 0 | 4 |
_a711/.4 _223 |
| 100 | 1 |
_aMeeks, Stephanie, _eauthor. |
|
| 245 | 1 | 4 |
_aThe past and future city : _bhow historic preservation is reviving America's communities / _cStephanie Meeks ; with Kevin C. Murphy. |
| 300 |
_axv, 334 pages : _billustrations, maps ; _c23 cm |
||
| 504 | _aIncludes bibliographical references (pages 313-320) and index. | ||
| 505 | 0 | _aIntroduction: The Powers of Place -- Downtown Is For People: Competing Visions of the Ideal American City -- Older, Smaller, Better: How Older Buildings Enhance Urban Vitality -- Making It Work for Your City: Unleashing the Power and Potential of Historic Fabric -- Buildings Reborn: Keeping Historic Properties in Active Use -- Our Diverse History: Towards More Inclusive History and Communities -- Mitigating the Great Inversion: The Problems of Affordability and Displacement -- The Greenest Buildings: Preservation, Climate Change, and the Environment -- Conclusion: The Future of the Past: Livable Cities and the Future of Preservation. | |
| 520 | _a"In The Past and Future City, Stephanie Meeks, the president of the National Trust for Historic Preservation, describes in detail, and with unique empirical research, the many ways that saving and restoring historic fabric can help a city create thriving neighborhoods, good jobs, and a vibrant economy. She explains the critical importance of preservation for all our communities, the ways the historic preservation field has evolved to embrace the challenges of the twenty-first century, and the innovative work being done in the preservation space now"--Provided by publisher. | ||
| 650 | 0 |
_aCity planning _xSocial aspects _zUnited States. |
|
| 650 | 0 |
_aHistoric preservation _zUnited States. |
|
| 650 | 0 |
_aCultural property _xProtection _zUnited States. |
|
| 650 | 0 |
_aHistoric buildings _xConservation and restoration _zUnited States. |
|
| 650 | 7 |
_aARCHITECTURE _xHistoric Preservation. _2bisacsh |
|
| 650 | 7 |
_aARCHITECTURE _xSustainability & Green Design. _2bisacsh |
|
| 650 | 7 |
_aARCHITECTURE _xUrban & Land Use Planning. _2bisacsh |
|
| 650 | 7 |
_aCity planning _xSocial aspects. _2fast |
|
| 650 | 7 |
_aCultural property _xProtection. _2fast |
|
| 650 | 7 |
_aHistoric buildings _xConservation and restoration. _2fast |
|
| 650 | 7 |
_aHistoric preservation. _2fast |
|
| 651 | 7 |
_aUnited States. _2fast |
|
| 700 | 1 |
_aMurphy, Kevin C., _d1974- _eauthor. |
|
| 906 |
_a7 _bcbc _ccopycat _d2 _eepcn _f20 _gy-gencatlg |
||
| 942 | _2ddc | ||